|
|
|
|
| LEADER |
00875nab a2200253 i 4500 |
| 001 |
publ32675 |
| 005 |
20250415133451.0 |
| 008 |
250415s1990 hu o 000 eng d |
| 022 |
|
|
|a 0749-1581
|
| 024 |
7 |
|
|a 10.1002/mrc.1260281210
|2 doi
|
| 024 |
7 |
|
|a 31647
|2 mtmt
|
| 040 |
|
|
|a SZTE Publicatio Repozitórium
|b hun
|
| 041 |
|
|
|a eng
|
| 100 |
1 |
|
|a Sohár Pál
|
| 245 |
1 |
0 |
|a Preparation and stereostructure of norbornane/ene-condensed phenyl-substituted O,N-heterocycles
|h [elektronikus dokumentum] /
|c Sohár Pál
|
| 260 |
|
|
|c 1990
|
| 300 |
|
|
|a 1045-1050
|
| 490 |
0 |
|
|a MAGNETIC RESONANCE IN CHEMISTRY
|v 28 No. 12
|
| 650 |
|
4 |
|a Klinikai orvostan
|
| 700 |
0 |
1 |
|a Bernáth Gábor
|e aut
|
| 700 |
0 |
2 |
|a Frimpong-Manso Samuel
|e aut
|
| 700 |
0 |
2 |
|a Szabó Angela E
|e aut
|
| 700 |
0 |
2 |
|a Stájer Géza
|e aut
|
| 856 |
4 |
0 |
|u http://publicatio.bibl.u-szeged.hu/32675/1/aok_klny_654_90.pdf
|z Dokumentum-elérés
|